000 00974nmc a2200325 a 4500
003 AR-BaBNM
005 20251128204448.0
008 115019s1993 ||||||||||||||000 | spa||
020 _a950-13-6002-4
040 _cAR-BaBNM
100 1 _aFaure, Madeleine
245 1 0 _aEl jardín de infantes
260 _aBuenos Aires
_bKapelusz
_c1993
300 0 _a139 p.
_bil., gráfs., tablas
490 0 _aBiblioteca de cultura pedagógica
504 _aContiene bibliografía
600 1 4 _aFröbel, Friedrich
_d1782-1852
650 4 _aEDUCACION DE LA PRIMERA INFANCIA
650 4 _aEDUCACION DEL NINO
650 4 _aDESARROLLO COGNOSCITIVO
650 4 _aDESARROLLO DE LA CREATIVIDAD
650 4 _aDESARROLLO DEL NINO
653 0 _aEDUCACION INICIAL
653 0 _aJARDINES DE INFANTES
653 0 _aCENTROS DE EDUCACION INICIAL
653 0 _aNINOS DE JARDIN DE INFANTES
700 1 _aGuillén de Rezzano, Clotilde
_eprologuista
942 _cBK
998 _cMARTIN
999 _c7516
_d7516